Socio-economic rights in emerging free markets (Record no. 969303)

MARC details
000 -LEADER
fixed length control field 00856nam a2200265Ia 4500
003 - CONTROL NUMBER IDENTIFIER
control field OSt
005 - DATE AND TIME OF LATEST TRANSACTION
control field 20221005062158.0
008 - FIXED-LENGTH DATA ELEMENTS--GENERAL INFORMATION
fixed length control field 221004b |||||||| |||| 00| 0 eng d
020 ## - INTERNATIONAL STANDARD BOOK NUMBER
International Standard Book Number 9780415735070 (hbk)
037 ## - SOURCE OF ACQUISITION
Terms of availability Textual
040 ## - CATALOGING SOURCE
Original cataloging agency CRL
Transcribing agency CRL
Language of cataloging eng
041 ## - LANGUAGE CODE
Source of code eng
Language code of text/sound track or separate title eng
100 ## - MAIN ENTRY--PERSONAL NAME
Personal name Deva Surya Ed.
9 (RLIN) 601522
245 #0 - TITLE STATEMENT
Title Socio-economic rights in emerging free markets
Remainder of title comparative insights from India and China
260 ## - PUBLICATION, DISTRIBUTION, ETC.
Place of publication, distribution, etc. London
Name of publisher, distributor, etc. Routledge UK
Date of publication, distribution, etc. 2016
300 ## - PHYSICAL DESCRIPTION
Extent xx,370p.
Dimensions cm.
490 ## - SERIES STATEMENT
Series statement Routledge research inhuman right law
650 ## - SUBJECT ADDED ENTRY--TOPICAL TERM
Topical term or geographic name entry element HUMAN RIGHTS
942 ## - ADDED ENTRY ELEMENTS (KOHA)
Classification part W:5.2, Q6
Koha item type Textual
Source of classification or shelving scheme
Holdings
Withdrawn status Lost status Damaged status Not for loan Home library Current library Date acquired Source of acquisition Total Checkouts Full call number Barcode Date last seen Price effective from Koha item type
        Central Library Central Library 2022-10-05 149, 01/03/2017, Classic Book Service   W:5.2 Q6 CL1639738 2022-10-05 2022-10-05 Textual
Copyright @ Delhi University Library System